00542nam a2200145Ia 4500082001200000100001800012245010900030260006300139300000800202504004100210650003200251650003300283650004900316650003100365 aRP.0268 aPrasad, Awadh 0aImpact of land acquisition for industrial purpose on farmers life: a case study of RIICO industrial area c2006bIndian Council of Social Science Research, New Delhi a128 aincludes appendices and bibliography aRural industrieszRajasthan aIndustrializationzRajasthan aIndustriesvEnvironmental aspectszRajasthan aLand use, RuralzRajasthan